000 00270nam a22001217a 4500
008 180127b xxu||||| |||| 00| 0 eng d
041 _aeng
080 _a030
100 _a23
101 _aENC
245 _aThe Encyclopedia of Philosophy
_cCollier, M
942 _2udc
_cBK
999 _c41099
_d41099